000 00703nam a22001697a 4500
005 20251108165027.0
008 250721s1997 xx 000 0 ara d
082 1 4 _a956.09/حلق
111 2 _aحلقة نقاش أحوال العرب بعد مؤتمر القمة العربي ( 1996 : عمان )
245 1 0 _aأحوال العرب بعد مؤتمر القمة العربي :
_bحلقة نقاش /
264 1 _aعمان :
_bمركز الريادة للمعلومات و الدراسات،
_c1997.
300 _a63ص.
490 0 _aسلسلة تنمية المجتمع المحلي ؛8
650 1 7 _aتاريخ العرب مؤتمر القمة العربية
942 _2ddc
_cBK
999 _c20300
_d20300